000 00601cam a2200145 4500500
005 20260111142004.0
041 _afre
042 _adc
100 1 0 _aMoureau, François
_eauthor
245 0 0 _aDominique d’Arnoult, Jean-Baptiste Perronneau (ca. 1715-1783). Un Portraitiste dans l’Europe des Lumières, Paris, Arthena, 2014, 448 p., nbr. ill. couleur et noir et blanc
260 _c2016.
500 _a77
786 0 _nDix-huitième siècle | 48 | 1 | 2016-09-06 | p. C-C | 0070-6760
856 4 1 _uhttps://shs.cairn.info/revue-dix-huitieme-siecle-2016-1-page-C?lang=fr&redirect-ssocas=7080
999 _c1635293
_d1635293